Chit-chat remaja mengenai masa

Bibliographic Details
Main Author: M. Fadzli A. Bakar
Format: Book
Published: Pahang : PTS Millennia , 2006
Series:Siri bina diri
Subjects:

MARC

LEADER 00000cam a2200000 7i4500
001 0000014613
005 20160330.0
008 080304
020 |a 9833603068 
090 0 0 |a 650.11   |b MFA 
100 0 |a M. Fadzli A. Bakar 
245 1 0 |a Chit-chat remaja mengenai masa   |c M. Fadzli A. Bakar 
260 |a Pahang :   |b PTS Millennia ,   |c 2006 
440 |a Siri bina diri 
500 |a Teenager ages 13-18 years old (blue) 
650 0 |a Youth   |x Conduct of life 
650 0 |a Youth   |x Time management 
999 |a 0000922432   |b Book   |c Adult Collection   |e Cawangan Bukit Gambir 
999 |a 0001014784   |b Book   |c Teenagers   |e Perbadanan Perpustakaan Awam Johor 
999 |a 0001014785   |b Book   |c Teenagers   |e Perbadanan Perpustakaan Awam Johor 
999 |a 0001014787   |b Book   |c Teenagers   |e Perbadanan Perpustakaan Awam Johor